[Event "Nyeri Quo Vadis op"]
[Site "Nyeri"]
[Date "2025.06.07"]
[Round "4"]
[White "Mwangi, Brian Gabriel"]
[Black "Mongeli, Sasha"]
[Result "1-0"]
[WhiteElo "1928"]
[BlackElo "1864"]
[PlyCount "103"]
[EventDate "2025.06.06"]
[EventType "swiss"]
[EventRounds "8"]
[EventCountry "KEN"]
[SourceTitle "CB26_2025"]
[SourceDate "2025.06.25"]
[SourceVersion "1"]
[SourceVersionDate "2025.06.25"]
[SourceQuality "1"]

1. Nf3 Nf6 2. b3 d6 3. Bb2 e5 4. d3 g6 5. g3 Bg7 6. Bg2 0-0 7. 0-0 Bd7 8. c4 Qc8 9. Nc3 Bh3 10. Nd5 Bxg2 11. Ne7+ Kh8 12. Nxc8 Bxf1 13. Qxf1 Rxc8 14. c5 Nbd7 15. cxd6 cxd6 16. Rc1 Bh6 17. e3 Kg8 18. Qh3 Bg7 19. g4 Nb6 20. g5 Ne8 21. a4 e4 22. Nd4 exd3 23. Rd1 Rc2 24. Nxc2 dxc2 25. Rc1 Bxb2 26. Rxc2 Bg7 27. a5 Nd5 28. Qd7 Rb8 29. Rc4 Bf8 30. e4 Nf4 31. Rc8 Rxc8 32. Qxc8 Ng7 33. Qxb7 Nh3+ 34. Kg2 Nxg5 35. h4 N5e6 36. Qxa7 Nh5 37. a6 Nc5 38. Qxc5 dxc5 39. a7 Nf4+ 40. Kf3 Ne6 41. a8Q Nd4+ 42. Ke3 Nxb3 43. Kd3 Nd4 44. e5 Ne6 45. Ke4 Kg7 46. f4 Nd4 47. Qb7 Nf5 48. h5 Ng3+ 49. Kf3 Nxh5 50. e6 Bd6 51. Qxf7+ Kh6 52. e7 1-0

[Event "Nairobi County-ch"]
[Site "Karen"]
[Date "2025.06.02"]
[Round "8"]
[White "Mutisya, Julie"]
[Black "Mongeli, Sasha"]
[Result "1/2-1/2"]
[WhiteElo "1814"]
[BlackElo "1887"]
[PlyCount "86"]
[EventDate "2025.05.31"]
[EventType "swiss"]
[EventRounds "8"]
[EventCountry "KEN"]
[SourceTitle "CB24_2025"]
[SourceDate "2025.06.11"]
[SourceVersion "1"]
[SourceVersionDate "2025.06.11"]
[SourceQuality "1"]

1. d4 Nf6 2. Nf3 d5 3. Bf4 c5 4. e3 Nc6 5. Nbd2 cxd4 6. exd4 Qb6 7. Nb3 Bg4 8. c3 e6 9. Bd3 Be7 10. h3 Bh5 11. Qe2 a6 12. Qe3 Bxf3 13. Qxf3 Na5 14. Nxa5 Qxa5 15. 0-0 0-0 16. Be5 Rfc8 17. a4 Qd8 18. Qe2 Nd7 19. Bg3 Nf8 20. f4 Bd6 21. Qg4 Qc7 22. Bh4 Ng6 23. f5 Bh2+ 24. Kh1 Nxh4 25. Qxh4 Qg3 26. Qxg3 Bxg3 27. fxe6 fxe6 28. Rf3 Bh4 29. Raf1 g6 30. g3 Bg5 31. h4 Be7 32. h5 Rf8 33. hxg6 hxg6 34. Bxg6 Kg7 35. Rxf8 Rxf8 36. Rxf8 Kxf8 37. Kg2 Bg5 38. b3 Bd2 39. c4 Bc3 40. cxd5 exd5 41. Bf5 a5 42. Be6 Bxd4 43. Bxd5 b6 1/2-1/2

[Event "Africa-ch (Women)"]
[Site "Cairo"]
[Date "2025.05.19"]
[Round "8"]
[White "Fady, Heaven"]
[Black "Mongeli, Sasha"]
[Result "0-1"]
[WhiteElo "1685"]
[BlackElo "1886"]
[PlyCount "65"]
[EventDate "2025.05.13"]
[EventType "swiss"]
[EventRounds "9"]
[EventCountry "EGY"]
[SourceTitle "CB22_2025"]
[SourceDate "2025.05.28"]
[SourceVersion "1"]
[SourceVersionDate "2025.05.28"]
[SourceQuality "1"]

1. d4 Nf6 2. Nf3 d5 3. g3 e6 4. Bg2 Be7 5. 0-0 b5 6. b3 Bb7 7. c4 c6 8. c5 a5 9. a3 0-0 10. Qc2 Nbd7 11. Nbd2 Qc7 12. Bb2 e5 13. Nxe5 Nxe5 14. dxe5 Nd7 15. b4 Nxe5 16. Nf3 Nc4 17. Bc3 Bc8 18. Nd4 Bf6 19. e4 Bxd4 20. Bxd4 Be6 21. Qc3 f6 22. f4 Rad8 23. f5 Bf7 24. g4 dxe4 25. Bxe4 Bd5 26. Rae1 Qf7 27. Rf4 a4 28. h4 Rfe8 29. g5 Bxe4 30. Rfxe4 Rxe4 31. Re2 Re3 32. Rxe3 fxg5 33. Re4 0-1

[Event "Olympiad Women-45"]
[Site "Budapest"]
[Date "2024.09.15"]
[Round "5.50"]
[White "Garcia, Angie"]
[Black "Mongeli, Sasha"]
[Result "0-1"]
[WhiteElo "2015"]
[BlackElo "1819"]
[PlyCount "82"]
[EventDate "2024.09.11"]
[EventType "team-swiss"]
[EventRounds "11"]
[EventCountry "HUN"]
[SourceTitle "EXT 2025"]
[Source "ChessBase"]
[SourceDate "2024.10.14"]
[SourceVersion "1"]
[SourceVersionDate "2024.10.14"]
[SourceQuality "1"]
[WhiteTeam "El Salvador (W)"]
[BlackTeam "Kenya (W)"]
[WhiteTeamCountry "ESA"]
[BlackTeamCountry "KEN"]

1. e4 e5 2. Nf3 Nf6 3. Nxe5 d6 4. Nf3 Nxe4 5. Nc3 Nxc3 6. dxc3 Be7 7. Be3 Nd7 8. Qd2 Nf6 9. h3 0-0 10. Bd3 a6 11. 0-0-0 c5 12. c4 b5 13. g4 Bb7 14. Qe2 bxc4 15. Bxc4 d5 16. g5 Ne4 17. a3 Re8 18. Rhg1 Qb6 19. Rxd5 Bxd5 20. Bxd5 Rab8 21. c4 Nc3 22. Qc2 Nxd5 23. cxd5 Qb3 24. Rd1 Bd6 25. Qxb3 Rxb3 26. Nd2 Rd3 27. Nc4 Rxd1+ 28. Kxd1 Rd8 29. Kc2 Bc7 30. Bxc5 Rxd5 31. Be3 Bd8 32. h4 f6 33. f4 fxg5 34. hxg5 Bc7 35. Kc3 Kf7 36. Nd2 Rf5 37. Ne4 Bxf4 38. Bd4 Be5 39. Kc4 Bxd4 40. Nd6+ Kg6 41. Nxf5 Bxb2 0-1

[Event "Africa-ch (Women)"]
[Site "Accra"]
[Date "2024.03.15"]
[Round "4"]
[White "Mongeli, Sasha"]
[Black "Shaba, Linda Dalitso"]
[Result "1/2-1/2"]
[WhiteElo "1858"]
[BlackElo "1836"]
[PlyCount "104"]
[EventDate "2024.03.13"]
[EventType "swiss"]
[EventRounds "9"]
[EventCountry "GHA"]
[SourceTitle "EXT 2025"]
[Source "ChessBase"]
[SourceDate "2024.10.14"]
[SourceVersion "1"]
[SourceVersionDate "2024.10.14"]
[SourceQuality "1"]

1. Nf3 d5 2. c4 d4 3. b4 f6 4. d3 e5 5. a3 a5 6. b5 Bc5 7. g3 b6 8. Bg2 Bb7 9. 0-0 Ne7 10. e4 0-0 11. Nh4 c6 12. a4 Qd6 13. Bh3 cxb5 14. cxb5 Bc8 15. Bxc8 Rxc8 16. f4 Nd7 17. Nd2 Qe6 18. f5 Qf7 19. Nc4 Bb4 20. g4 Rxc4 21. dxc4 Qxc4 22. Bd2 Bc5 23. Qf3 Rc8 24. Rfc1 Qf7 25. Kh1 h6 26. Ng2 Rb8 27. Ne1 Ra8 28. Nd3 Nc8 29. Nf2 Nd6 30. Qd3 Kf8 31. Qc2 Ke7 32. Kg2 Rc8 33. Qd3 Kd8 34. Kf3 Kc7 35. Rab1 Kb7 36. Qb3 Qxb3+ 37. Rxb3 Nf7 38. Nd3 Bd6 39. Rxc8 Kxc8 40. Rb1 Kb7 41. h4 Ba3 42. Ra1 Be7 43. Rc1 Bd6 44. Rc2 Be7 45. Rc1 Nd6 46. Rc6 Nb8 47. Rc2 Nd7 48. Rc6 Nb8 49. Rc2 Nd7 50. Be1 Nf7 51. Bd2 Nd6 52. Rc6 Nb8 1/2-1/2

[Event "Africa-ch rapid (Women)"]
[Site "Accra"]
[Date "2024.03.10"]
[Round "4"]
[White "Mongeli, Sasha"]
[Black "Tsinjoviniavo, Aina Mahasambatra"]
[Result "1-0"]
[WhiteElo "1858"]
[BlackElo "1681"]
[PlyCount "159"]
[EventDate "2024.03.07"]
[EventType "swiss (rapid)"]
[EventRounds "6"]
[EventCountry "GHA"]
[SourceTitle "CBM 219 Extra"]
[Source "ChessBase"]
[SourceDate "2024.05.31"]
[SourceVersion "1"]
[SourceVersionDate "2024.05.31"]
[SourceQuality "1"]

1. Nf3 d5 2. b3 c5 3. e3 Nc6 4. Bb2 Bg4 5. h3 Bh5 6. c4 d4 7. exd4 cxd4 8. d3 Nf6 9. Be2 e5 10. a3 Bd6 11. b4 b6 12. 0-0 0-0 13. Nbd2 Re8 14. Ng5 Bg6 15. Bf3 Rc8 16. Nge4 Nxe4 17. Nxe4 Bc7 18. Qd2 f5 19. Ng3 Bd6 20. Bd5+ Kh8 21. Rfe1 Ne7 22. Bf3 Ng8 23. Bc1 f4 24. Ne4 Bb8 25. Bb2 Nf6 26. Rac1 Nxe4 27. Bxe4 Bxe4 28. Rxe4 Qg5 29. Qe2 Re6 30. Qg4 Qxg4 31. hxg4 Rg6 32. f3 Rg5 33. a4 a6 34. b5 a5 35. Ba3 Re8 36. c5 bxc5 37. Bxc5 Rg6 38. Ree1 Bd6 39. Bxd4 Rge6 40. Bc3 Bc5+ 41. Kf1 Bb6 42. Re4 Kg8 43. Be1 Kf7 44. Bf2 Bxf2 45. Kxf2 Rd6 46. Ke2 Kf6 47. Rc3 Red8 48. Rec4 Kg5 49. Rc5 Re8 50. Rc6 Rdd8 51. R3c5 Rd4 52. Rc4 Rdd8 53. R6c5 Kh4 54. Rc7 Rg8 55. Re7 Rd5 56. Re4 Rd4 57. Rxd4 exd4 58. Re4 Kg3 59. Rxd4 g5 60. b6 Rg6 61. b7 Rb6 62. Rd7 h6 63. d4 Kxg2 64. d5 Rb2+ 65. Kd3 Kxf3 66. Rc7 Kxg4 67. d6 f3 68. Kc3 Rb4 69. Rc4+ Rxc4+ 70. Kxc4 f2 71. b8Q f1Q+ 72. Kd5 Qd3+ 73. Kc6 Qc4+ 74. Kb7 Qxa4 75. Qc8+ Kh4 76. d7 Qb4+ 77. Ka8 Qe4+ 78. Kb8 Qe5+ 79. Qc7 Qb2+ 80. Kc8 1-0

[Event "Africa-ch rapid (Women)"]
[Site "Accra"]
[Date "2024.03.10"]
[Round "2"]
[White "Peace, Samson"]
[Black "Mongeli, Sasha"]
[Result "1-0"]
[WhiteElo "1870"]
[BlackElo "1858"]
[PlyCount "111"]
[EventDate "2024.03.07"]
[EventType "swiss (rapid)"]
[EventRounds "6"]
[EventCountry "GHA"]
[SourceTitle "CBM 219 Extra"]
[Source "ChessBase"]
[SourceDate "2024.05.31"]
[SourceVersion "1"]
[SourceVersionDate "2024.05.31"]
[SourceQuality "1"]

1. e4 c6 2. d4 d5 3. exd5 cxd5 4. Bd3 Nc6 5. c3 Nf6 6. h3 g6 7. Nf3 Bg7 8. Be3 0-0 9. Qd2 a6 10. g4 Na5 11. Ne5 b5 12. Na3 Nc4 13. Naxc4 dxc4 14. Bc2 Bb7 15. Rg1 Ne4 16. Bxe4 Bxe4 17. g5 Bxe5 18. dxe5 Qxd2+ 19. Kxd2 Rfd8+ 20. Bd4 e6 21. a3 Kg7 22. Ke3 Bd3 23. Rad1 Bf5 24. h4 Rd5 25. Rd2 Rad8 26. Rgd1 Bd3 27. f4 h5 28. Bb6 Rb8 29. Bc7 Rb7 30. Bd6 a5 31. a4 b4 32. cxb4 axb4 33. b3 Ra7 34. Bxb4 Rb7 35. bxc4 Bxc4 36. Rxd5 Bxd5 37. Bd2 Rb3+ 38. Kd4 Rb2 39. Be1 Ra2 40. a5 Ra4+ 41. Kc5 Rxf4 42. Ra1 Re4 43. Kd6 Rc4 44. a6 Rc6+ 45. Kd7 Rc2 46. a7 Ba8 47. Kd6 Rc6+ 48. Kd7 Rc2 49. Kd8 f6 50. gxf6+ Kf7 51. Rd1 Bd5 52. Rxd5 exd5 53. a8Q d4 54. Qd5+ Kf8 55. Bb4+ Rc5 56. Bxc5# 1-0

[Event "Africa-ch rapid (Women)"]
[Site "Accra"]
[Date "2024.03.10"]
[Round "3"]
[White "Vilhete, Vania Fausto da T"]
[Black "Mongeli, Sasha"]
[Result "0-1"]
[WhiteElo "1829"]
[BlackElo "1858"]
[PlyCount "137"]
[EventDate "2024.03.07"]
[EventType "swiss (rapid)"]
[EventRounds "6"]
[EventCountry "GHA"]
[SourceTitle "CBM 219 Extra"]
[Source "ChessBase"]
[SourceDate "2024.05.31"]
[SourceVersion "1"]
[SourceVersionDate "2024.05.31"]
[SourceQuality "1"]

1. d4 Nf6 2. c4 c5 3. e3 e6 4. Nf3 d5 5. Nc3 Nc6 6. Bd3 cxd4 7. exd4 dxc4 8. Bxc4 Be7 9. 0-0 0-0 10. Re1 a6 11. a3 b5 12. Ba2 Bb7 13. Bg5 Nd5 14. Bxe7 Ncxe7 15. Ne4 Nf4 16. Nc5 Bd5 17. Bxd5 Nexd5 18. g3 Ng6 19. Qe2 Qe7 20. Rad1 Rfd8 21. Qe4 a5 22. Ne5 Nxe5 23. Qxe5 Qf6 24. Qh5 Qg6 25. Qf3 b4 26. Nd3 Qf6 27. Qxf6 Nxf6 28. axb4 Rxd4 29. bxa5 Rxa5 30. Nf4 Rxd1 31. Rxd1 g5 32. Ne2 Rb5 33. Rd2 Ne4 34. Rc2 Rb4 35. Nc1 Kg7 36. f3 Nf6 37. Kf2 Nd5 38. Nd3 Rb5 39. f4 gxf4 40. Nxf4 Nxf4 41. gxf4 Rb3 42. Ke1 Kf6 43. Rf2 Kf5 44. Kd1 h5 45. Kc2 Rb4 46. Kc3 Rxf4 47. Rxf4+ Kxf4 48. Kc4 e5 49. b4 e4 50. b5 e3 51. b6 e2 52. b7 e1Q 53. b8Q+ Qe5 54. Qg8 Qe6+ 55. Kc5 Qf5+ 56. Kc4 Qe4+ 57. Kc5 Qc2+ 58. Kd5 Qd3+ 59. Kc5 Qc3+ 60. Kd5 Qb3+ 61. Kc5 Qc2+ 62. Kd5 Qe4+ 63. Kc5 Qg6 64. Qb8+ Kg5 65. Qg3+ Kh6 66. Qf2 Qg5+ 67. Kd4 f5 68. Kd3 f4 69. Ke4 0-1

[Event "Africa-chT rapid 13th"]
[Site "Accra"]
[Date "2024.03.09"]
[Round "4.16"]
[White "Benson, Maud"]
[Black "Mongeli, Sasha"]
[Result "1/2-1/2"]
[WhiteElo "1664"]
[BlackElo "1858"]
[PlyCount "136"]
[EventDate "2024.03.09"]
[EventType "team-swiss (rapid)"]
[EventRounds "6"]
[EventCountry "GHA"]
[SourceTitle "CBM 219 Extra"]
[Source "ChessBase"]
[SourceDate "2024.05.31"]
[SourceVersion "1"]
[SourceVersionDate "2024.05.31"]
[SourceQuality "1"]
[WhiteTeam "Ghana II"]
[BlackTeam "Kenya"]
[WhiteTeamCountry "GHA"]
[BlackTeamCountry "KEN"]

1. d4 d5 2. Nf3 c6 3. g3 Nf6 4. Bg2 g6 5. 0-0 Bg7 6. c4 0-0 7. Nc3 h6 8. Re1 Nbd7 9. Qb3 dxc4 10. Qxc4 Nb6 11. Qd3 Re8 12. Rd1 Be6 13. e4 Qc8 14. Bf4 Bh3 15. Be5 Bxg2 16. Kxg2 Nbd7 17. Rac1 Qd8 18. d5 Nxe5 19. Nxe5 cxd5 20. Nxd5 Nxd5 21. Qxd5 Qxd5 22. Rxd5 e6 23. Rb5 a6 24. Rxb7 Bxe5 25. f4 Rab8 26. Rxb8 Bxb8 27. Kf3 Rd8 28. Ke3 Ba7+ 29. Ke2 Rb8 30. b3 Rb7 31. h3 h5 32. g4 hxg4 33. hxg4 Bb8 34. f5 exf5 35. exf5 Re7+ 36. Kf3 g5 37. Rc8+ Kg7 38. Rxb8 Ra7 39. Rb6 a5 40. a3 Rc7 41. Ke4 a4 42. bxa4 Rc4+ 43. Kf3 Rxa4 44. Rb3 Kf6 45. Re3 Rf4+ 46. Kg3 Ra4 47. Kh3 Rd4 48. Kg3 Rd1 49. Rb3 Rg1+ 50. Kh3 Ra1 51. Rb6+ Ke5 52. Ra6 Kf4 53. Ra4+ Kf3 54. Kh2 Ra2+ 55. Kg1 Rg2+ 56. Kf1 Ra2 57. Ke1 Rg2 58. Ra7 Rxg4 59. Rxf7 Ra4 60. f6 Rxa3 61. Rg7 Ra1+ 62. Kd2 Ra2+ 63. Kc3 Ra6 64. f7 Rf6 65. Kd4 g4 66. Ke5 Rf4 67. Ke6 g3 68. Ke7 Kf2 1/2-1/2

[Event "Africa-chT rapid 13th"]
[Site "Accra"]
[Date "2024.03.09"]
[Round "3.10"]
[White "Mongeli, Sasha"]
[Black "Mbatha, Constance Chileshe"]
[Result "0-1"]
[WhiteElo "1858"]
[BlackElo "1799"]
[PlyCount "196"]
[EventDate "2024.03.09"]
[EventType "team-swiss (rapid)"]
[EventRounds "6"]
[EventCountry "GHA"]
[SourceTitle "CBM 219 Extra"]
[Source "ChessBase"]
[SourceDate "2024.05.31"]
[SourceVersion "1"]
[SourceVersionDate "2024.05.31"]
[SourceQuality "1"]
[WhiteTeam "Kenya"]
[BlackTeam "Zambia"]
[WhiteTeamCountry "KEN"]
[BlackTeamCountry "ZAM"]

1. d4 d5 2. Nf3 Nf6 3. Bg5 e6 4. e3 Be7 5. c4 dxc4 6. Bxc4 0-0 7. 0-0 c6 8. Nc3 Nbd7 9. a3 Nb6 10. Ba2 Nfd5 11. Bxe7 Qxe7 12. e4 Nc7 13. Qc2 Rd8 14. Rad1 Bd7 15. Ne2 Be8 16. Ng3 Rac8 17. Bb1 g6 18. Qc1 Kg7 19. Ne5 f6 20. Ng4 Rd7 21. Qh6+ Kg8 22. h4 Qg7 23. Qf4 Rf7 24. Ba2 Bd7 25. Rd3 Kh8 26. Rf3 e5 27. Nxe5 Rff8 28. Nxd7 Nxd7 29. Rd1 Qe7 30. Qh6 Qg7 31. Qf4 Qe7 32. Qh6 Qg7 33. Qf4 Qe7 34. h5 g5 35. Qg4 Rfe8 36. Nf5 Qxe4 37. Qxe4 Rxe4 38. Nd6 Rce8 39. Nxe4 Rxe4 40. Re3 Rxe3 41. fxe3 Kg7 42. g4 h6 43. Kg2 Nb6 44. Bb3 Kf8 45. e4 Ke7 46. Kf3 Nd7 47. Bc4 c5 48. Bd5 b6 49. dxc5 Nxc5 50. b4 Nd7 51. a4 Ne5+ 52. Kg3 Ne8 53. a5 Nc7 54. axb6 axb6 55. Ra1 Kd6 56. Rd1 Ke7 57. Bb3 Nb5 58. Rd3 Nxd3 59. Bc4 Nxb4 60. Bxb5 Kd6 61. Kf3 Ke5 62. Ke3 Nc2+ 63. Kd3 Nd4 64. Bd7 b5 65. Bc8 b4 66. Kc4 b3 67. Kc3 Kxe4 68. Bd7 Ke5 69. Bc8 f5 70. gxf5 Nxf5 71. Kxb3 g4 72. Kc3 g3 73. Bb7 Kf4 74. Kd3 Ng7 75. Ke2 Nxh5 76. Kf1 Nf6 77. Kg2 Kg4 78. Bf3+ Kf4 79. Bb7 Ng4 80. Bc6 Nf2 81. Bf3 Ng4 82. Bb7 Ne3+ 83. Kh3 Ng4 84. Kg2 Nf2 85. Bf3 Nd3 86. Be2 Nc5 87. Bf3 Ne6 88. Bd1 Ng5 89. Bh5 Ne4 90. Bf3 Nf6 91. Bc6 Ng4 92. Bb7 Ne5 93. Bd5 h5 94. Bb7 Nf7 95. Bf3 h4 96. Bd5 Ng5 97. Bb7 h3+ 98. Kh1 Ke3 0-1

[Event "Africa-chT rapid 13th"]
[Site "Accra"]
[Date "2024.03.09"]
[Round "5.12"]
[White "Mongeli, Sasha"]
[Black "Vilhete, Vania Fausto da T"]
[Result "1/2-1/2"]
[WhiteElo "1858"]
[BlackElo "1829"]
[PlyCount "111"]
[EventDate "2024.03.09"]
[EventType "team-swiss (rapid)"]
[EventRounds "6"]
[EventCountry "GHA"]
[SourceTitle "CBM 219 Extra"]
[Source "ChessBase"]
[SourceDate "2024.05.31"]
[SourceVersion "1"]
[SourceVersionDate "2024.05.31"]
[SourceQuality "1"]
[WhiteTeam "Kenya"]
[BlackTeam "Mozambique"]
[WhiteTeamCountry "KEN"]
[BlackTeamCountry "MOZ"]

1. d4 d5 2. Nf3 e6 3. Bf4 c5 4. Nbd2 Nf6 5. e3 Be7 6. c3 0-0 7. Ne5 Nc6 8. Be2 Bd7 9. 0-0 Rc8 10. h3 Qb6 11. dxc5 Bxc5 12. Nxc6 Bxc6 13. Nb3 Be7 14. Qd4 Qxd4 15. cxd4 Ba4 16. Rfc1 Bxb3 17. axb3 a6 18. Bc7 Ne4 19. Rc2 Nd2 20. Rxd2 Rxc7 21. Bd3 Rfc8 22. Kf1 Bb4 23. Rdd1 a5 24. Ke2 g6 25. Rdb1 Kg7 26. Kd1 f6 27. Rc1 e5 28. dxe5 fxe5 29. f3 Kf6 30. Rxc7 Rxc7 31. Rc1 Rxc1+ 32. Kxc1 d4 33. exd4 exd4 34. Be4 b6 35. Kc2 h6 36. Kd3 Bc5 37. f4 Bd6 38. Kxd4 Bxf4 39. Kd5 Be3 40. Kc6 g5 41. Kb5 h5 42. Bf3 h4 43. b4 axb4 44. Kxb4 Bc5+ 45. Kc4 Kf5 46. b4 Be3 47. Kd5 Bd2 48. b5 Be3 49. Kd6 Kf4 50. Ke6 Bc5 51. Kf6 Bf2 52. Kg6 Bc5 53. Bc6 Bf2 54. Bf3 Bc5 55. Bc6 Bf2 56. Bf3 1/2-1/2

[Event "KEN-ch (Women)"]
[Site "Nairobi"]
[Date "2024.02.18"]
[Round "11"]
[White "Kaloki, Zuri"]
[Black "Mongeli, Sasha"]
[Result "0-1"]
[WhiteElo "1285"]
[BlackElo "1763"]
[PlyCount "78"]
[EventDate "2024.02.09"]
[EventType "tourn"]
[EventRounds "11"]
[EventCountry "KEN"]
[SourceTitle "CBM 218 Extra"]
[Source "ChessBase"]
[SourceDate "2024.03.31"]
[SourceVersion "1"]
[SourceVersionDate "2024.03.31"]
[SourceQuality "1"]

1. e4 c6 2. Nf3 d5 3. Nc3 Bg4 4. Be2 e6 5. d4 Nd7 6. Ng5 Bxe2 7. Qxe2 h6 8. Nxe6 fxe6 9. Qh5+ Ke7 10. Bg5+ Ndf6 11. e5 Qe8 12. Qh4 Qg6 13. exf6+ gxf6 14. Bf4 Kd7 15. 0-0-0 Ne7 16. Qh3 Qf5 17. Qe3 Ng6 18. Bg3 h5 19. h4 Bh6 20. f4 Nxf4 21. Kb1 Nxg2 22. Qe2 Ne3 23. Rde1 Rhg8 24. Rhg1 Rg7 25. Qf2 Qxf2 26. Bxf2 Rxg1 27. Rxg1 Ng4 28. Be1 Be3 29. Rf1 Bxd4 30. Ne2 Be5 31. Bg3 Bxg3 32. Nxg3 f5 33. Rf4 Nf6 34. Kc1 Rg8 35. Rf3 Rg4 36. Rb3 b6 37. Ra3 a5 38. Rb3 b5 39. Ra3 b4 0-1

[Event "Nairobi op"]
[Site "Nairobi"]
[Date "2023.04.09"]
[Round "8"]
[White "Mongeli, Sasha"]
[Black "Heinemann, Josefine"]
[Result "0-1"]
[WhiteElo "1695"]
[BlackElo "2274"]
[PlyCount "80"]
[EventDate "2023.04.06"]
[EventType "swiss"]
[EventRounds "9"]
[EventCountry "KEN"]
[SourceTitle "EXT 2024"]
[Source "ChessBase"]
[SourceDate "2023.10.10"]
[SourceVersion "1"]
[SourceVersionDate "2023.10.10"]
[SourceQuality "1"]

1. Nf3 d5 2. e3 Nf6 3. c4 e6 4. b3 c5 5. cxd5 exd5 6. d4 Nc6 7. Be2 cxd4 8. Nxd4 Bb4+ 9. Bd2 Bd6 10. Nxc6 bxc6 11. 0-0 0-0 12. Nc3 Bf5 13. Bf3 Re8 14. Ne2 Ne4 15. Nd4 Bd7 16. b4 Qb8 17. g3 Nxd2 18. Qxd2 Bxb4 19. Qc2 Qd6 20. Rfd1 Rac8 21. Ne2 Qf6 22. Bg2 Qe7 23. Rab1 a5 24. Rd4 g6 25. Rbd1 h5 26. Rh4 Bg4 27. h3 Bf5 28. Qa4 Bd7 29. Qc2 Qc5 30. Qb3 Qa7 31. Nf4 Be7 32. Rxh5 gxh5 33. Nxh5 Qc5 34. Qb2 d4 35. Qe2 Qb5 36. Qf3 Qf5 37. Qe2 dxe3 38. fxe3 Bc5 39. Rf1 Rxe3 40. Nf6+ Qxf6 0-1

[Event "KEN Nat Team Selection (Women)"]
[Site "Ruaraka"]
[Date "2023.01.28"]
[Round "9"]
[White "Kimani, Wanjiru"]
[Black "Mongeli, Sasha"]
[Result "1-0"]
[WhiteElo "1282"]
[BlackElo "1728"]
[PlyCount "77"]
[EventDate "2023.01.20"]
[EventType "tourn"]
[EventRounds "11"]
[EventCountry "KEN"]
[SourceTitle "CBM 213 Extra"]
[Source "ChessBase"]
[SourceDate "2023.05.31"]
[SourceVersion "1"]
[SourceVersionDate "2023.05.31"]
[SourceQuality "1"]

1. d4 d5 2. c4 c6 3. g3 Nf6 4. Bg2 Bf5 5. Nf3 Bxb1 6. Rxb1 e6 7. Qb3 Qc8 8. 0-0 Be7 9. a4 dxc4 10. Qxc4 a5 11. Ne5 0-0 12. Bd2 Nbd7 13. Nd3 Nb6 14. Qb3 Nbd7 15. Rfc1 Rd8 16. Bc3 Qc7 17. Qc2 Nb6 18. Ne5 Nfd5 19. Be1 Bb4 20. Bxd5 Rxd5 21. e3 Qe7 22. Nd3 Bd6 23. Qb3 Nc8 24. Ra1 Qd8 25. Qxb7 Ne7 26. Qb3 h5 27. Qd1 h4 28. Qg4 hxg3 29. hxg3 g6 30. Bd2 Kg7 31. Kg2 Qb6 32. Bc3 f6 33. Qxe6 Re8 34. Rh1 Qb8 35. e4 Rg5 36. e5 fxe5 37. dxe5 Nf5 38. Qf6+ Kg8 39. Rh8# 1-0

[Event "KEN-ch (Women)"]
[Site "Nairobi"]
[Date "2022.12.28"]
[Round "5"]
[White "Mongeli, Sasha"]
[Black "Madelta, Glenda"]
[Result "0-1"]
[WhiteElo "1726"]
[BlackElo "1565"]
[PlyCount "54"]
[EventDate "2022.12.26"]
[EventType "swiss"]
[EventRounds "9"]
[EventCountry "KEN"]
[SourceTitle "EXT 2024"]
[Source "ChessBase"]
[SourceDate "2023.10.10"]
[SourceVersion "1"]
[SourceVersionDate "2023.10.10"]
[SourceQuality "1"]

1. d4 d5 2. c4 e6 3. Nc3 Nf6 4. Bg5 Nbd7 5. cxd5 exd5 6. e3 c6 7. Qc2 Qa5 8. Bd3 Bb4 9. Nge2 0-0 10. 0-0 Re8 11. a3 Bxc3 12. Nxc3 h6 13. b4 Qd8 14. Bh4 g5 15. Bg3 Qe7 16. b5 c5 17. dxc5 Nxc5 18. Be2 Nce4 19. Qd3 Nxc3 20. Qxc3 Ne4 21. Qd4 Be6 22. Rfc1 b6 23. Rc7 Nxg3 24. Qe5 Nxe2+ 25. Kf1 Qd8 26. Rc2 d4 27. f3 Bc4 0-1

[Event "Africa-ch U2300 (Women)"]
[Site "Mombasa"]
[Date "2022.11.27"]
[Round "1"]
[White "Mongeli, Sasha"]
[Black "Takali, Milly"]
[Result "1-0"]
[WhiteElo "1726"]
[BlackElo "1482"]
[PlyCount "117"]
[EventDate "2022.11.27"]
[EventType "swiss"]
[EventRounds "9"]
[EventCountry "KEN"]
[SourceTitle "EXT 2024"]
[Source "ChessBase"]
[SourceDate "2023.10.10"]
[SourceVersion "1"]
[SourceVersionDate "2023.10.10"]
[SourceQuality "1"]

1. Nf3 Nf6 2. c4 d6 3. b3 g6 4. Bb2 Bg7 5. g3 b6 6. Bg2 Bb7 7. Nc3 Nbd7 8. 0-0 0-0 9. d4 e6 10. Qc2 Rc8 11. Rfd1 a6 12. Rd2 Qe7 13. e3 c5 14. dxc5 dxc5 15. Rad1 Rfd8 16. h3 h6 17. Ba1 Nb8 18. Na4 Rxd2 19. Rxd2 Bxf3 20. Bxf3 b5 21. cxb5 axb5 22. Nc3 b4 23. Na4 Nbd7 24. Qd3 e5 25. Bg2 Qe6 26. Rc2 e4 27. Qc4 Qe7 28. Qa6 Re8 29. Qc6 Ne5 30. Bxe5 Qxe5 31. Qxc5 Nd5 32. Rd2 Nc3 33. Qxb4 Rb8 34. Qxc3 Qxc3 35. Nxc3 Bxc3 36. Rc2 Bb4 37. Bxe4 Kf8 38. Kf1 Ke7 39. Ke2 Kd6 40. Rc6+ Ke5 41. Bd3 Bd6 42. Bc4 Rd8 43. Bxf7 g5 44. Bc4 h5 45. f4+ gxf4 46. gxf4+ Kf6 47. e4 Ke7 48. e5 Bb4 49. Rc7+ Ke8 50. Bd3 h4 51. Rh7 Rd5 52. Rxh4 Rc5 53. Bc4 Ra5 54. a4 Ra7 55. Rh8+ Bf8 56. f5 Rg7 57. f6 Rg2+ 58. Kf3 Rg1 59. e6 1-0

[Event "Olympiad Women-44"]
[Site "Chennai"]
[Date "2022.08.03"]
[Round "6.1"]
[White "Cordero, Daniela"]
[Black "Mongeli, Sasha"]
[Result "1-0"]
[WhiteElo "2005"]
[BlackElo "1672"]
[PlyCount "91"]
[EventDate "2022.07.29"]
[EventType "team-swiss"]
[EventRounds "11"]
[EventCountry "IND"]
[SourceTitle "CBM 210"]
[Source "ChessBase"]
[SourceDate "2022.10.31"]
[SourceVersion "1"]
[SourceVersionDate "2022.10.31"]
[SourceQuality "1"]
[WhiteTeam "Bolivia (W)"]
[BlackTeam "Kenya (W)"]
[WhiteTeamCountry "BOL"]
[BlackTeamCountry "KEN"]

1. d4 d5 2. Nf3 Nf6 3. c4 c6 4. Qc2 Bg4 5. Ne5 Nbd7 6. Nxg4 Nxg4 7. f3 Ngf6 8. e4 e6 9. cxd5 cxd5 10. e5 Ng8 11. Be3 Bb4+ 12. Nc3 Rc8 13. Qb3 Qb6 14. Kf2 Bxc3 15. bxc3 Qxb3 16. axb3 a6 17. c4 Ne7 18. Bd3 0-0 19. f4 Nb6 20. c5 Nd7 21. b4 Nc6 22. Rhb1 Na7 23. b5 Nxb5 24. Bxb5 axb5 25. Rxb5 Rc7 26. Ra7 Rb8 27. Bd2 Nf8 28. Ba5 Rd7 29. c6 Re7 30. Raxb7 Rbe8 31. Bb4 Rxb7 32. cxb7 Nd7 33. Bd6 f6 34. Rc5 Nxc5 35. dxc5 Kf7 36. c6 fxe5 37. fxe5 d4 38. c7 d3 39. Ke3 Kg6 40. c8Q Rxc8 41. bxc8Q Kf5 42. g4+ Kg5 43. Qxe6 Kh4 44. Kf3 d2 45. Be7+ Kh3 46. Qd7 1-0

[Event "Addis Ababa zt 4.4 (Women)"]
[Site "Addis Ababa"]
[Date "2022.05.07"]
[Round "7"]
[White "Mongeli, Sasha"]
[Black "Melebo, Netsanet Lukas"]
[Result "1-0"]
[WhiteElo "1634"]
[BlackElo "1436"]
[PlyCount "72"]
[EventDate "2022.05.02"]
[EventType "swiss"]
[EventRounds "9"]
[EventCountry "ETH"]
[SourceTitle "CBM 208 Extra"]
[Source "ChessBase"]
[SourceDate "2022.07.31"]
[SourceVersion "1"]
[SourceVersionDate "2022.07.31"]
[SourceQuality "1"]

1. Nf3 Nf6 2. c4 e6 3. d4 c6 4. Nc3 d5 5. cxd5 cxd5 6. Bf4 Nc6 7. e3 a6 8. Bd3 Be7 9. 0-0 0-0 10. Rc1 Bd7 11. a3 Rc8 12. Rc2 Ne8 13. Qe2 Nd6 14. Bxd6 Bxd6 15. Rfc1 Qf6 16. Nb1 Rfe8 17. Nbd2 e5 18. dxe5 Nxe5 19. Rxc8 Rxc8 20. Rxc8+ Bxc8 21. Nxe5 Bxe5 22. b3 Bd6 23. a4 Qa1+ 24. Nf1 Qe5 25. Qc2 Be6 26. Bxh7+ Kf8 27. Bd3 Qg5 28. Be2 Bf5 29. Qd1 Be4 30. Bf3 Bxf3 31. Qxf3 Qe5 32. Qh3 Qc3 33. Qd7 Qc7 34. Qf5 Be5 35. f4 Bf6 36. Qxd5 Qc6 1-0